| 000 | 00776cam a2200265 a 4500 | ||
|---|---|---|---|
| 001 | 4695236 | ||
| 003 | OSt | ||
| 005 | 20170105101218.0 | ||
| 008 | 811028s1980 pk b 000 0 eng | ||
| 010 | _a 81930562 | ||
| 020 | _cRs30.00 | ||
| 040 |
_aDLC _cDLC _dDLC |
||
| 043 | _aa-pk--- | ||
| 050 | 0 | 0 |
_aHD6815.5 _b.K49 1980 |
| 100 | 1 | _aKhan, Badiuddin A. | |
| 245 | 1 | 0 |
_aTrade unionism and industrial relations in Pakistan / _cBadiuddin A. Khan. |
| 250 | _a1st ed. | ||
| 260 |
_aKarachi : _bRoyal Book Co., _c1980. |
||
| 300 |
_avii, 77 p. ; _c23 cm. |
||
| 504 | _aIncludes bibliographical references. | ||
| 650 | 0 |
_aLabor unions _zPakistan. |
|
| 650 | 0 |
_aIndustrial relations _zPakistan. |
|
| 906 |
_a7 _bcbc _corignew _d3 _encip _f19 _gy-gencatlg |
||
| 942 |
_2ddc _cBK |
||
| 999 |
_c3510 _d3510 |
||